000
00273nam a2200109Ia 4500
008
201223s9999 xx 000 0 und d
100
_a
Maps & Agencies
245
0
_a
One for the road : A Road Atlas of India
260
_a
Madras
_b
Maps & Agencies
300
_a
74
942
_c
BK
999
_c
8250
_d
8250